000 00388pab a2200169 454500
008 180718b2007 xxu||||| |||| 00| 0 eng d
100 _aAmoroso, Bruno
245 _aGlobalization and poverty: winners and losers
260 _c2007
300 _ap.11-19.
362 _aJun
650 _aGlobalization
650 _aPoverty
773 _aDevelopment
908 _aN
909 _a75676
999 _c75676
_d75676